00851cam a22002531 4500001001300000003000400013005001700017008004100034010001700075035002000092040004100112042001200153050002900165082001000194110004000204245004400244260004400288300002500332490004800357500004800405650003900453700004200492830006300534e 40000500 DLC20260227111229.0881109s1940 kyu s000 0 eng c ae 40000500  a(OCoLC)18726968 aU.S. Off. of Educ. LibrarycMsUdDLC apremarc00aL152b.B35 vol. 8, no. 3 a370.71 aKentucky.bDepartment of Education.10aTeacher education and certification ... a[Frankfort]bDept. of Educationc[1940] a[169]-232 p.c23 cm.1 aIts Educational bulletin,vvol. VIII, no. 3 aAt head of title: Commonwealth of Kentucky. 0aTeachersxCertificationzKentucky.1 aJaggers, Richard Elmer,d1891-ecomp. 0aEducational bulletin (Frankfort, Ky.) ;vvol. VIII, no. 3.